Statistics for Doctor Who Series 8 Episodes

Click here to take the quiz!

General Stats

  • This quiz has been taken 64 times
  • The average score is 10 of 12

Answer Stats

Hint Answer % Correct
Perfect Hiding, Rupert Pink, Under The BedListen
93%
Clockwork Droids, The Paternoster Gang, Introduction of MissyDeep Breath
86%
'Rusty', Introduction of Danny Pink, "Am I a good man?"Into the Dalek
86%
66 Seconds To Live, Perkins, The ForetoldMummy on the Orient Express
84%
The Bank of Karabraxos, Psi and Saibra, The TellerTime Heist
82%
The Boneless, Rigsy, Shrinking TARDISFlatline
82%
Courtney Woods, Space-Dragon, Germ SpidersKill The Moon
80%
Coal Hill School, The Skovox Blitzer, 73 hoursThe Caretaker
79%
3W, The Nethersphere, Missy is The Master!Dark Water
79%
Robin Hood, Sheriff of Nottingham, Golden ArrowRobot of Sherwood
77%
UNIT Return, Missy's Army of Cybermen, Goodbye Clara?Death In Heaven
71%
Planet Overgrown, Maebh, Giant Solar FlareIn The Forest Of The Night
61%

Score Distribution

Percentile by Number Answered

Percent of People with Each Score

Your Score History

You have not taken this quiz